کشکول اردو ادب / (Record no. 192856)

MARC details
000 -LEADER
fixed length control field 00647nam a22001937a 4500
005 - DATE AND TIME OF LATEST TRANSACTION
control field 20221007110403.0
010 ## - LCCN (DPL NO)
LC control number UR-11738
020 ## - INTERNATIONAL STANDARD BOOK NUMBER
International Standard Book Number 9789392496660
Terms of availability 400.00
035 ## - SYSTEM CONTROL NUMBER
System control number U-10293
037 ## - SOURCE OF ACQUISITION
Source of stock number/acquisition DBAD/PUB
Stock number -
082 ## - DEWEY DECIMAL CLASSIFICATION NUMBER
Classification number 808.88
100 ## - MAIN ENTRY--PERSONAL NAME
Personal name مطیع اللّہ نازش
245 ## - TITLE STATEMENT
Title کشکول اردو ادب /
Statement of responsibility, etc مطیع اللّہ نازش
Medium ا ر د و
246 ## - VARYING FORM OF TITLE
Title proper/short title Kashkol-E-Urdu Adab /
Remainder of title by Motiullah Nazish
260 ## - PUBLICATION, DISTRIBUTION, ETC. (IMPRINT)
Place of publication, distribution, etc New Delhi
Name of publisher, distributor, etc Educational Publishing House
Date of publication, distribution, etc 2021 ء
270 ## - ADDRESS
Address H.O. D1/16, Ansari Road, Daryaganj
City New Delhi
Postal code 110002
300 ## - PHYSICAL DESCRIPTION
Extent 384 ص
Dimensions 23cm(Hb)
942 ## - ADDED ENTRY ELEMENTS (KOHA)
Source of classification or shelving scheme Dewey Decimal Classification
Item type Urdu Bks
Classification part 808.88
Call number suffix م ط ی
Holdings
Withdrawn status Lost status Not for loan Collection code Home library Current library Date acquired Source of acquisition Cost, normal purchase price Full call number Barcode Copy number Cost, replacement price Koha item type
      Non-fiction Central Library Central Library 07/10/2022 DBAD/PUB 400.00 808.88 م ط ی U-10293 1 400.00 Urdu Bks

© Delhi Public Library
Hit Counter
free hit counter